Shanghai (Record no. 577710)

MARC details
000 -LEADER
fixed length control field 00551nam a2200169Ia 4500
008 - FIXED-LENGTH DATA ELEMENTS--GENERAL INFORMATION
fixed length control field 250728s9999 xx 000 0 und d
020 ## - INTERNATIONAL STANDARD BOOK NUMBER
ISBN 9780521231985
082 ## - DEWEY DECIMAL CLASSIFICATION NUMBER
Classification number 951.132
Item number HOW
100 ## - MAIN ENTRY--AUTHOR NAME
Personal name Howe, Christopher
245 #0 - TITLE STATEMENT
Title Shanghai
260 ## - PUBLICATION, DISTRIBUTION, ETC. (IMPRINT)
Name of publisher Cambridge University Press
Year of publication 1981
300 ## - PHYSICAL DESCRIPTION
Number of Pages 462 pages
500 ## - GENERAL NOTE
General note This book is a comprehensive study of the way in which old Shanghai was transformed and developed by the Communist Party between 1949 and the later 1970s.
650 ## - SUBJECT ADDED ENTRY--TOPICAL TERM
Topical Term History
942 ## - ADDED ENTRY ELEMENTS (KOHA)
Koha item type English Books
Holdings
Withdrawn status Lost status Damaged status Not for loan Home library Current library Shelving location Date acquired Full call number Accession Number Price effective from Koha item type
        Anna Centenary Library Anna Centenary Library 7TH FLOOR, B WING 28.07.2025 951.132 HOW 231161 28.07.2025 English Books

Find us on the map